[Event "Godesberger SK 2 - Langenfelder SF 1"]
[Site "NRW-Klasse - Gruppe 4 2019/20"]
[Date "2020.02.02"]
[Round "6.2"]
[White "Gerusel, Mathias"]
[Black "Stoeber, Michael"]
[Result "1-0"]
[WhiteElo "2135"]
[BlackElo "2206"]
[PlyCount "59"]
[EventDate "2020.??.??"]
[SourceVersionDate "2020.03.16"]
[WhiteTeam "Godesberger SK 2"]
[BlackTeam "Langenfelder SF 1"]

1. d4 Nf6 2. c4 g6 3. Nc3 Bg7 4. e4 d6 5. Be2 O-O 6. Bg5 Na6 7. Qd2 e5 8. Nf3
exd4 9. Nxd4 Nc5 10. f3 h6 11. Be3 a6 12. O-O Kh7 13. Rad1 Bd7 14. b4 Ne6 15.
Nb3 Nh5 16. Nd5 Qh4 17. f4 Rae8 18. Bf2 Qd8 19. g3 Nf6 20. Bf3 Bc6 21. Rfe1 Rg8
22. Nd4 Nxd5 23. Nxc6 bxc6 24. exd5 cxd5 25. cxd5 Nf8 26. Qd3 Rxe1+ 27. Rxe1
Nd7 28. Qxa6 Re8 29. Rxe8 Qxe8 30. Qc6 1-0

[Event "Godesberger SK 2 - Langenfelder SF 1"]
[Site "NRW-Klasse - Gruppe 4 2019/20"]
[Date "2020.02.02"]
[Round "6.3"]
[White "Kurth, Justus"]
[Black "Luebsen, Keno"]
[Result "1/2-1/2"]
[WhiteElo "2178"]
[BlackElo "2110"]
[PlyCount "86"]
[EventDate "2020.??.??"]
[SourceVersionDate "2020.03.16"]
[WhiteTeam "Langenfelder SF 1"]
[BlackTeam "Godesberger SK 2"]

1. Nf3 d5 2. d4 Nf6 3. c4 c6 4. Qb3 dxc4 5. Qxc4 Bg4 6. Nbd2 Nbd7 7. g3 e6 8.
Bg2 Bd6 9. Qb3 b5 10. Ne5 Bxe5 11. dxe5 Nd5 12. Ne4 Nxe5 13. a4 O-O 14. axb5
cxb5 15. Nc3 Qe7 16. h3 Bf5 17. Nxd5 exd5 18. O-O Rab8 19. Be3 Nc4 20. Rxa7 Qe6
21. Bf4 Rb6 22. g4 Be4 23. f3 Bg6 24. Rf2 Qf6 25. Bc7 Ra6 26. Rxa6 Qxa6 27. Bf1
d4 28. Bf4 Re8 29. Qd1 Qf6 30. Bc1 Ne3 31. Qb3 Qf4 32. Bxe3 dxe3 33. Rg2 Qc4
34. Qxc4 bxc4 35. f4 Bb1 36. Rg3 f6 37. Bg2 Kf8 38. Kh2 Bd3 39. Bf1 Kf7 40. f5
Re5 41. exd3 e2 42. Bxe2 Rxe2+ 43. Kg1 cxd3 1/2-1/2

[Event "Godesberger SK 2 - Langenfelder SF 1"]
[Site "NRW-Klasse - Gruppe 4 2019/20"]
[Date "2020.02.02"]
[Round "6.4"]
[White "Mittmann, Johannes"]
[Black "Vogelmann, Peter"]
[Result "1/2-1/2"]
[WhiteElo "2072"]
[BlackElo "2117"]
[PlyCount "28"]
[EventDate "2020.??.??"]
[SourceVersionDate "2020.03.16"]
[WhiteTeam "Godesberger SK 2"]
[BlackTeam "Langenfelder SF 1"]

1. e4 e5 2. Nf3 d6 3. d4 Nf6 4. Nc3 Nbd7 5. Bc4 Be7 6. O-O O-O 7. a4 c6 8. Re1
a5 9. Bb3 Qc7 10. Bg5 Re8 11. Qd2 Nf8 12. Rad1 Bg4 13. Re3 Ne6 14. Bxe6 fxe6
1/2-1/2

[Event "Godesberger SK 2 - Langenfelder SF 1"]
[Site "NRW-Klasse - Gruppe 4 2019/20"]
[Date "2020.02.02"]
[Round "6.5"]
[White "Huelsmann, Josef"]
[Black "Roski, Ferdinand"]
[Result "1-0"]
[WhiteElo "2143"]
[BlackElo "2065"]
[PlyCount "129"]
[EventDate "2020.??.??"]
[SourceVersionDate "2020.03.16"]
[WhiteTeam "Langenfelder SF 1"]
[BlackTeam "Godesberger SK 2"]

1. d4 Nf6 2. Bg5 e6 3. e3 h6 4. Bh4 c5 5. c3 cxd4 6. exd4 Nc6 7. Nd2 Be7 8.
Ngf3 d5 9. Bd3 Bd7 10. O-O Rc8 11. Re1 O-O 12. Qe2 Ne8 13. Bxe7 Qxe7 14. Rac1
Nd6 15. Ne5 a6 16. Nb3 Nxe5 17. Qxe5 Rfe8 18. Re3 Nc4 19. Bxc4 dxc4 20. Nc5 Bc6
21. Rg3 f6 22. Qe2 Bd5 23. Re1 Qf7 24. Qd2 Kh8 25. Ne4 Rcd8 26. Qf4 e5 27. dxe5
Rxe5 28. h4 g5 29. hxg5 hxg5 30. Qg4 Be6 31. Qe2 Qh7 32. Re3 Qg6 33. Nxf6 Rxe3
34. Qxe3 Qxf6 35. Qxe6 Qxe6 36. Rxe6 b5 37. Rxa6 Rd1+ 38. Kh2 Rd2 39. a4 Rxf2
40. axb5 Rxb2 41. Rc6 Rxb5 42. Rxc4 Kg7 43. Rc6 Rd5 44. Kg3 Rd2 45. Kf3 Kf7 46.
g3 Rd3+ 47. Kg4 Ke7 48. c4 Kd7 49. Rc5 Ke6 50. Rc8 Kd7 51. Rf8 Ke7 52. Rf3 Rd4+
53. Kxg5 Rxc4 54. g4 Rc6 55. Kh5 Re6 56. g5 Re1 57. Kh6 Rh1+ 58. Kg7 Re1 59. g6
Re2 60. Rh3 Rg2 61. Re3+ Kd7 62. Kf7 Rf2+ 63. Kg8 Rh2 64. g7 Rh1 65. Re4 1-0

[Event "Godesberger SK 2 - Langenfelder SF 1"]
[Site "NRW-Klasse - Gruppe 4 2019/20"]
[Date "2020.02.02"]
[Round "6.6"]
[White "Kummer, Wolfram"]
[Black "Reinemer, Frank"]
[Result "1/2-1/2"]
[WhiteElo "2031"]
[BlackElo "2099"]
[Annotator "Daniel"]
[PlyCount "51"]
[EventDate "2020.??.??"]
[SourceVersionDate "2020.03.16"]
[WhiteTeam "Godesberger SK 2"]
[BlackTeam "Langenfelder SF 1"]

1. f4 d5 2. Nf3 g6 3. e3 Bg7 4. d4 Nf6 5. Bd3 Bf5 6. Bxf5 gxf5 7. Qd3 Qc8 8. c4
c6 9. Nc3 e6 10. b3 O-O 11. cxd5 exd5 12. O-O Ne4 13. Ba3 Re8 14. Rac1 Qe6 15.
Rce1 Nd7 16. Ne5 Nxc3 17. Qxc3 Nf6 18. Qa1 Ne4 $11 19. Qd1 f6 20. Nf3 Bf8 21.
Bxf8 Kxf8 22. Nh4 Re7 23. Qh5 Nd6 24. Rf3 Rg7 25. Rh3 Ke7 26. Rg3 1/2-1/2

[Event "Godesberger SK 2 - Langenfelder SF 1"]
[Site "NRW-Klasse - Gruppe 4 2019/20"]
[Date "2020.02.02"]
[Round "6.7"]
[White "Vetter, Herbert"]
[Black "Hess, Olena"]
[Result "1-0"]
[WhiteElo "2043"]
[BlackElo "2049"]
[PlyCount "77"]
[EventDate "2020.??.??"]
[SourceVersionDate "2020.03.16"]
[WhiteTeam "Langenfelder SF 1"]
[BlackTeam "Godesberger SK 2"]

1. e4 d6 2. d4 Nf6 3. Bd3 e5 4. Ne2 g6 5. O-O Nh5 6. dxe5 dxe5 7. Bb5+ c6 8.
Qxd8+ Kxd8 9. Bc4 f6 10. Be3 Nd7 11. Nbc3 b5 12. Nxb5 cxb5 13. Bd5 Rb8 14. Bxa7
Bc5 15. Bxb8 Nxb8 16. a3 Nf4 17. Nxf4 exf4 18. Rfd1 Kc7 19. c4 bxc4 20. Rac1
Ba6 21. Bxc4 Bxc4 22. Rxc4 Kb6 23. Rdc1 Na6 24. b4 Be7 25. Rc6+ Kb7 26. b5 Nc5
27. R6xc5 Bxc5 28. Rxc5 Ra8 29. Rc3 Kb6 30. Rb3 Rc8 31. Kf1 Rc2 32. a4 Rc4 33.
a5+ Kxa5 34. b6 Rc8 35. b7 Rb8 36. Ke2 Ka6 37. Kf3 g5 38. Kg4 Ka7 39. Kf5 1-0

[Event "Godesberger SK 2 - Langenfelder SF 1"]
[Site "NRW-Klasse - Gruppe 4 2019/20"]
[Date "2020.02.02"]
[Round "6.8"]
[White "Mueller-Boge, Michael"]
[Black "Weisshaupt, Rainer"]
[Result "1/2-1/2"]
[WhiteElo "1973"]
[BlackElo "1975"]
[PlyCount "82"]
[EventDate "2020.??.??"]
[SourceVersionDate "2020.03.16"]
[WhiteTeam "Godesberger SK 2"]
[BlackTeam "Langenfelder SF 1"]

1. e4 e5 2. Nf3 Nc6 3. Bc4 Nf6 4. d3 Bc5 5. c3 O-O 6. O-O d6 7. h3 Be6 8. Nbd2
a6 9. b4 Ba7 10. Re1 Re8 11. Bb3 d5 12. Ng5 Qd7 13. a3 Rad8 14. Qe2 dxe4 15.
Bxe6 fxe6 16. Ngxe4 Qxd3 17. Nxf6+ gxf6 18. Qg4+ Qg6 19. Ne4 Kf7 20. Qf3 Rd5
21. c4 Rd7 22. c5 Qf5 23. Qe3 Red8 24. g4 Qg6 25. Kh2 Nd4 26. Ra2 b6 27. f4
exf4 28. Qxf4 Bb8 29. c6 Nxc6 30. Rf2 Rd4 31. Ng5+ Kg8 32. Qxf6 Qxf6 33. Rxf6
Rd1 34. Rxd1 Rxd1 35. Be3 Nd4 36. Nxe6 Nxe6 37. Rxe6 Kf7 38. Rc6 Rd3 39. Bf4
Rxa3 40. Bxc7 Bxc7+ 41. Rxc7+ Kg8 1/2-1/2

[Event "SV Hilden 1 - SF Stadtverwaltung Bonn 1"]
[Site "NRW-Klasse - Gruppe 4 2019/20"]
[Date "2020.02.02"]
[Round "6.1"]
[White "Horstmann, Olaf"]
[Black "Kretzschmar, Michael"]
[Result "1/2-1/2"]
[WhiteElo "2147"]
[BlackElo "2101"]
[PlyCount "120"]
[EventDate "2020.??.??"]
[SourceVersionDate "2020.03.16"]
[WhiteTeam "SF Stadtverwaltung Bonn 1"]
[BlackTeam "SV Hilden 1"]

1. f4 d5 2. Nf3 Nh6 3. b3 Bg4 4. e3 e6 5. Bb2 Nf5 6. Be2 Bc5 7. O-O Bxf3 8.
Bxf3 h5 9. Qe1 Nd7 10. d4 Qf6 11. Nd2 Bb6 12. c3 c5 13. a4 a6 14. g3 g5 15. Kh1
g4 16. e4 gxf3 17. exf5 Qxf5 18. Nxf3 O-O-O 19. c4 Qc2 20. dxc5 Qxb2 21. cxb6
Qxb3 22. cxd5 Qxb6 23. Rb1 Qd6 24. Qc3+ Kb8 25. dxe6 fxe6 26. Rfd1 Qc5 27. Qb3
Nb6 28. Rdc1 Qd5 29. Qxd5 Nxd5 30. Rc6 Ne3 31. Rxa6 Rhe8 32. Ra5 h4 33. Rab5
hxg3 34. Rxb7+ Ka8 35. hxg3 Rd1+ 36. Rxd1 Nxd1 37. Rb5 Ka7 38. Ng5 Rc8 39. Kg2
Rc2+ 40. Kf3 Rf2+ 41. Kg4 Ne3+ 42. Kh3 Rf1 43. Rb2 Rh1+ 44. Rh2 Ra1 45. Nxe6
Rxa4 46. Rb2 Ra6 47. Rb7+ Kxb7 48. Nc5+ Kb6 49. Nxa6 Kxa6 50. g4 Nd5 51. f5 Kb7
52. g5 Kc7 53. Kg4 Kd7 54. Kh5 Ke8 55. Kh6 Kf7 56. Kh7 Nf6+ 57. Kh8 Kf8 58. g6
Ne8 59. Kh7 Nf6+ 60. Kh6 Ng8+ 1/2-1/2

[Event "SV Hilden 1 - SF Stadtverwaltung Bonn 1"]
[Site "NRW-Klasse - Gruppe 4 2019/20"]
[Date "2020.02.02"]
[Round "6.3"]
[White "Weigant, Wladimir"]
[Black "Payenberg, Dirk"]
[Result "1-0"]
[WhiteElo "2140"]
[BlackElo "1992"]
[PlyCount "71"]
[EventDate "2020.??.??"]
[SourceVersionDate "2020.03.16"]
[WhiteTeam "SF Stadtverwaltung Bonn 1"]
[BlackTeam "SV Hilden 1"]

1. d4 Nf6 2. Bg5 c5 3. Bxf6 gxf6 4. d5 Qb6 5. Qc1 f5 6. Nd2 Bh6 7. e3 Qf6 8.
Ngf3 d6 9. c3 Nd7 10. Qc2 O-O 11. a4 Kh8 12. Nc4 Rg8 13. g3 b6 14. Bh3 Ne5 15.
Nfxe5 dxe5 16. O-O-O e4 17. Bf1 Rd8 18. Na3 a6 19. Rd2 Ra7 20. Be2 Rad7 21.
Rhd1 Bb7 22. Qb3 Rd6 23. Kb1 Qg6 24. Ka1 Qf6 25. Nb1 Qe5 26. c4 Bg7 27. Qc3 Qf6
28. Qxf6 Bxf6 29. Ka2 Kg7 30. Ka3 Be5 31. Kb3 Bc8 32. Kc2 Bd7 33. b3 Rb8 34.
Na3 Be8 35. Rf1 Rh6 36. f4 1-0

[Event "SV Hilden 1 - SF Stadtverwaltung Bonn 1"]
[Site "NRW-Klasse - Gruppe 4 2019/20"]
[Date "2020.02.02"]
[Round "6.4"]
[White "Kappelt, Joerg"]
[Black "Suppert, Timur"]
[Result "1/2-1/2"]
[WhiteElo "2009"]
[BlackElo "2145"]
[PlyCount "142"]
[EventDate "2020.??.??"]
[SourceVersionDate "2020.03.16"]
[WhiteTeam "SV Hilden 1"]
[BlackTeam "SF Stadtverwaltung Bonn 1"]

1. e4 d5 2. exd5 Nf6 3. Nc3 Nxd5 4. Nxd5 Qxd5 5. Qf3 Be6 6. d4 Nc6 7. c3 O-O-O
8. Be2 Qa5 9. b4 Nxb4 10. cxb4 Qxb4+ 11. Bd2 Qxd4 12. Qc3 Qxc3 13. Bxc3 f6 14.
Nf3 Bd5 15. O-O e5 16. Nd2 c6 17. Nc4 b6 18. Rfd1 Bc5 19. a4 Be6 20. Rdc1 Rd7
21. Ne3 Kb7 22. Bf3 Bd5 23. Bg4 Bxe3 24. fxe3 Rd6 25. Rd1 Rhd8 26. Bf5 g6 27.
Bc2 c5 28. h4 Kc6 29. Kf2 a6 30. g4 e4 31. Kg3 f5 32. g5 Bc4 33. Rxd6+ Rxd6 34.
h5 gxh5 35. Kf4 h6 36. Kxf5 hxg5 37. Bxe4+ Bd5 38. Bc2 g4 39. e4 Bf7 40. Kf4
Rd8 41. Rd1 Rxd1 42. Bxd1 b5 43. a5 b4 44. Ba4+ Kd6 45. Bg7 Ke7 46. Bh8 Be6 47.
Bd1 c4 48. Kg5 g3 49. Bf3 Bh3 50. Bd4 g2 51. e5 b3 52. Bxg2 Bxg2 53. Kxh5 Kd7
54. Kg4 Kc6 55. Kf4 Kb5 56. Ke3 Kxa5 57. Bc3+ Kb5 58. Kd2 Kc5 59. e6 Kd6 60. e7
Kxe7 61. Bb4+ Kd7 62. Kc3 Kc6 63. Ba3 Kd5 64. Bc1 Bh3 65. Ba3 Be6 66. Bc1 Ke4
67. Ba3 Ke3 68. Bc1+ Ke2 69. Bb2 Kd1 70. Ba3 Bf5 71. Bb2 a5 1/2-1/2

[Event "SV Hilden 1 - SF Stadtverwaltung Bonn 1"]
[Site "NRW-Klasse - Gruppe 4 2019/20"]
[Date "2020.02.02"]
[Round "6.5"]
[White "Marzec, Ronny"]
[Black "Glowatz, Christoph"]
[Result "0-1"]
[WhiteElo "2001"]
[BlackElo "1980"]
[PlyCount "120"]
[EventDate "2020.??.??"]
[SourceVersionDate "2020.03.16"]
[WhiteTeam "SF Stadtverwaltung Bonn 1"]
[BlackTeam "SV Hilden 1"]

1. e4 c5 2. Nf3 Nc6 3. d4 cxd4 4. Nxd4 g6 5. Nc3 Bg7 6. Be3 Nf6 7. Be2 O-O 8.
O-O d5 9. exd5 Nxd5 10. Nxd5 Qxd5 11. Bf3 Qc4 12. Nxc6 bxc6 13. c3 Rb8 14. Be2
Qd5 15. Qc1 Qa5 16. Rd1 Bf5 17. Bd3 Bxd3 18. Rxd3 Qb5 19. Rd2 a5 20. Qc2 a4 21.
Bd4 Bxd4 22. cxd4 Rfd8 23. Rc1 Rd6 24. Qe4 Qb4 25. Rdc2 Qxd4 26. Qxd4 Rxd4 27.
a3 e5 28. g3 Kg7 29. h4 Rb3 30. Kg2 h5 31. Re1 e4 32. Ree2 Rb6 33. Rc5 f5 34.
Rec2 Rd3 35. Ra5 Rdb3 36. Rxa4 Rxb2 37. Rac4 Rxc2 38. Rxc2 Kf6 39. f3 Ke5 40.
fxe4 fxe4 41. Kf2 Ra6 42. a4 Rxa4 43. Rxc6 Ra2+ 44. Ke1 Kf5 45. Kf1 Kg4 46.
Rxg6+ Kf3 47. Rf6+ Kxg3 48. Re6 Rf2+ 49. Ke1 Rf4 50. Ke2 Kxh4 51. Ke3 Kg3 52.
Ra6 Rg4 53. Ra1 Kh4 54. Rh1+ Kg5 55. Ra1 Kh4 56. Rh1+ Kg5 57. Ra1 h4 58. Rh1
Kf5 59. Rf1+ Ke5 60. Rf8 Rg3+ 0-1

[Event "SV Hilden 1 - SF Stadtverwaltung Bonn 1"]
[Site "NRW-Klasse - Gruppe 4 2019/20"]
[Date "2020.02.02"]
[Round "6.6"]
[White "Schwab, Thomas"]
[Black "Wagner, Rainer"]
[Result "1/2-1/2"]
[WhiteElo "1938"]
[BlackElo "1995"]
[PlyCount "114"]
[EventDate "2020.??.??"]
[SourceVersionDate "2020.03.16"]
[WhiteTeam "SV Hilden 1"]
[BlackTeam "SF Stadtverwaltung Bonn 1"]

1. e4 c5 2. Nf3 Nc6 3. d4 cxd4 4. Nxd4 Nf6 5. Nc3 e5 6. Nb3 d6 7. Bc4 Be7 8.
O-O O-O 9. Qd3 a6 10. a4 Nb4 11. Qe2 Qc7 12. Nd5 Nbxd5 13. exd5 Bf5 14. c3 Be4
15. Bd3 Bxd5 16. c4 Be6 17. Nd2 d5 18. cxd5 Bxd5 19. Ne4 Nxe4 20. Bxe4 Bxe4 21.
Qxe4 Bc5 22. Be3 Bxe3 23. fxe3 Rac8 24. Rac1 Qe7 25. h3 Rfd8 26. Rxc8 Rxc8 27.
Rd1 g6 28. Rd5 Re8 29. b4 Kg7 30. b5 Qf6 31. Rd7 axb5 32. axb5 b6 33. Kh2 h5
34. Qd5 Re6 35. Kg1 e4 36. Qd4 Qxd4 37. exd4 Kf8 38. Kf2 Ke8 39. Rc7 f5 40. g3
Rd6 41. Ke3 Rd5 42. Rg7 Rxb5 43. Rxg6 Kf7 44. Rh6 Kg7 45. Re6 Kf7 46. Rh6 Rb3+
47. Kf2 Rf3+ 48. Kg2 Rd3 49. Rxb6 Rd2+ 50. Kf1 Rxd4 51. Rh6 Rd3 52. Kg2 Rd2+
53. Kf1 Rd3 54. Kg2 Rf3 55. Rxh5 Kg6 56. Rh8 Ra3 57. Kf2 Rf3+ 1/2-1/2

[Event "SV Hilden 1 - SF Stadtverwaltung Bonn 1"]
[Site "NRW-Klasse - Gruppe 4 2019/20"]
[Date "2020.02.02"]
[Round "6.7"]
[White "Dehmel, Jens"]
[Black "Hanke, Stefan"]
[Result "1-0"]
[WhiteElo "1955"]
[BlackElo "1913"]
[Annotator "Daniel"]
[PlyCount "127"]
[EventDate "2020.??.??"]
[SourceVersionDate "2020.03.16"]
[WhiteTeam "SF Stadtverwaltung Bonn 1"]
[BlackTeam "SV Hilden 1"]

1. d4 Nf6 2. c4 e6 3. Nc3 d5 4. cxd5 Nxd5 5. e4 Nxc3 6. bxc3 c5 7. Rb1 Be7 8.
Nf3 O-O 9. Be2 b6 10. d5 exd5 11. exd5 Bf5 12. Rb3 Bd6 13. c4 Nd7 14. Bb2 Re8
15. O-O h6 16. h3 Qc7 17. Re1 Be4 18. Nd2 Bf5 19. Nf3 Rad8 20. Bf1 Qc8 21. Rbe3
Rxe3 22. Rxe3 Re8 23. Ra3 Bb8 24. Bd3 Nf8 25. Bxf5 Qxf5 26. Qd3 Qe4 27. Kf1 Ng6
28. g3 Kf8 29. Qxe4 Rxe4 30. Nd2 Re8 31. Rb3 Be5 32. Bxe5 Nxe5 33. a4 f5 34. a5
bxa5 35. Ra3 Rb8 36. f4 Nd7 37. Rxa5 Rb7 $11 38. Ke2 Ke7 39. Kd3 Kd6 40. Kc3
Nf6 41. Ra6+ Kd7 42. Kd3 Ke7 43. Rc6 Nd7 44. Kc3 Rb6 45. Rc7 a6 46. Nb3 Kd6 47.
Ra7 g5 48. Nd2 gxf4 49. gxf4 Ke7 50. Nf3 Ke8 51. Rc7 Rg6 52. Ne5 Rg3+ 53. Kc2
Nxe5 54. fxe5 f4 55. Rxc5 Re3 56. e6 f3 57. Rc8+ Ke7 58. Rc7+ Kd6 59. Rf7 Kc5
60. Kd2 Re4 61. Rxf3 Rd4+ 62. Rd3 Re4 63. Re3 Rd4+ 64. Ke2 1-0

[Event "SV Hilden 1 - SF Stadtverwaltung Bonn 1"]
[Site "NRW-Klasse - Gruppe 4 2019/20"]
[Date "2020.02.02"]
[Round "6.8"]
[White "Czubak, Michael"]
[Black "Nenner, Thomas"]
[Result "1/2-1/2"]
[WhiteElo "1871"]
[BlackElo "1974"]
[PlyCount "52"]
[EventDate "2020.??.??"]
[SourceVersionDate "2020.03.16"]
[WhiteTeam "SV Hilden 1"]
[BlackTeam "SF Stadtverwaltung Bonn 1"]

1. Nf3 Nf6 2. c4 e6 3. g3 b6 4. Bg2 Bb7 5. O-O Be7 6. d4 O-O 7. Nc3 Ne4 8. Nxe4
Bxe4 9. Ne1 Bxg2 10. Nxg2 d6 11. e4 Nd7 12. Be3 e5 13. f4 exd4 14. Bxd4 Bf6 15.
Re1 Re8 16. Bxf6 Nxf6 17. Qf3 Qd7 18. Nh4 Qc6 19. e5 Qxf3 20. Nxf3 dxe5 21.
Nxe5 Rad8 22. Rad1 a5 23. Kg2 Kf8 24. Kf3 Rd6 25. Rxd6 cxd6 26. Nd3 Rxe1
1/2-1/2

[Event "SC Bonn Beuel 1 - Siegener SV 1"]
[Site "NRW-Klasse - Gruppe 4 2019/20"]
[Date "2020.02.02"]
[Round "6.1"]
[White "Schischke, Reinhard"]
[Black "Haag, Martin"]
[Result "1/2-1/2"]
[WhiteElo "2147"]
[BlackElo "2200"]
[PlyCount "23"]
[EventDate "2020.??.??"]
[SourceVersionDate "2020.03.16"]
[WhiteTeam "Siegener SV 1"]
[BlackTeam "SC Bonn Beuel 1"]

1. Nf3 d5 2. b3 Nf6 3. Bb2 e6 4. e3 Be7 5. Ne5 O-O 6. f4 c5 7. Bd3 b6 8. Nc3
Bb7 9. Qf3 Nc6 10. Nxc6 Bxc6 11. O-O Rc8 12. Qe2 1/2-1/2

[Event "SC Bonn Beuel 1 - Siegener SV 1"]
[Site "NRW-Klasse - Gruppe 4 2019/20"]
[Date "2020.02.02"]
[Round "6.2"]
[White "Hoppe, Thilo"]
[Black "Bouillon, Christian"]
[Result "1/2-1/2"]
[WhiteElo "2132"]
[BlackElo "2036"]
[PlyCount "34"]
[EventDate "2020.??.??"]
[SourceVersionDate "2020.03.16"]
[WhiteTeam "SC Bonn Beuel 1"]
[BlackTeam "Siegener SV 1"]

1. d4 Nf6 2. c4 e6 3. Nf3 Bb4+ 4. Nbd2 d5 5. a3 Bxd2+ 6. Bxd2 Ne4 7. Bf4 Nd7 8.
Qc2 c6 9. h3 O-O 10. e3 f5 11. Ne5 g5 12. Bh2 f4 13. Nd3 dxc4 14. Qxc4 Nb6 15.
Qc2 Nd5 16. exf4 gxf4 17. Be2 Qb6 1/2-1/2

[Event "SC Bonn Beuel 1 - Siegener SV 1"]
[Site "NRW-Klasse - Gruppe 4 2019/20"]
[Date "2020.02.02"]
[Round "6.3"]
[White "Richter, Gerald"]
[Black "Lorenz, Roger"]
[Result "1-0"]
[WhiteElo "1978"]
[BlackElo "2162"]
[PlyCount "87"]
[EventDate "2020.??.??"]
[SourceVersionDate "2020.03.16"]
[WhiteTeam "Siegener SV 1"]
[BlackTeam "SC Bonn Beuel 1"]

1. d4 Nf6 2. c4 g6 3. Nc3 d5 4. cxd5 Nxd5 5. e4 Nxc3 6. bxc3 Bg7 7. Bc4 c5 8.
Ne2 O-O 9. O-O Nc6 10. Be3 Qc7 11. Rc1 b6 12. h4 Bb7 13. h5 Rad8 14. hxg6 hxg6
15. Nf4 e6 16. Bxe6 fxe6 17. Nxe6 Qf7 18. Nxd8 Rxd8 19. Bg5 Rd7 20. d5 Ba6 21.
Qa4 Na5 22. Rfe1 Bc8 23. Re3 Be5 24. g3 Qh7 25. f4 Qh5 26. Kg2 Nc4 27. Qxc4 Rh7
28. d6+ Kh8 29. Bh4 Qg4 30. Rh1 Be6 31. Qe2 Qxe2+ 32. Rxe2 Bxc3 33. Be7 Bd4 34.
Rxh7+ Kxh7 35. Kf3 Kg7 36. g4 Kf7 37. f5 Bd7 38. Kf4 gxf5 39. exf5 Bb5 40. Re4
Bc6 41. g5 Bb2 42. g6+ Kg8 43. f6 Bxe4 44. f7+ 1-0

[Event "SC Bonn Beuel 1 - Siegener SV 1"]
[Site "NRW-Klasse - Gruppe 4 2019/20"]
[Date "2020.02.02"]
[Round "6.4"]
[White "Gikas, Andreas Basilius"]
[Black "Besser, Jochen"]
[Result "1/2-1/2"]
[WhiteElo "2183"]
[BlackElo "1893"]
[Annotator "Daniel"]
[PlyCount "43"]
[EventDate "2020.??.??"]
[SourceVersionDate "2020.03.16"]
[WhiteTeam "SC Bonn Beuel 1"]
[BlackTeam "Siegener SV 1"]

1. e4 c5 2. Nf3 g6 3. d4 cxd4 4. Nxd4 Nc6 5. c4 Nf6 6. Nc3 Nxd4 7. Qxd4 d6 8.
Be2 Bg7 9. Be3 O-O 10. Qd2 Qa5 11. O-O Be6 12. Rac1 Rfc8 13. b3 a6 14. f3 b5
$11 15. Nd5 Qxd2 16. Bxd2 Nxd5 17. cxd5 Bd4+ 18. Kh1 Bd7 19. Rxc8+ Rxc8 20. Rc1
Rxc1+ 21. Bxc1 f5 22. Bd3 1/2-1/2

[Event "SC Bonn Beuel 1 - Siegener SV 1"]
[Site "NRW-Klasse - Gruppe 4 2019/20"]
[Date "2020.02.02"]
[Round "6.6"]
[White "Koch, Matthias"]
[Black "Scholl, Eckhard"]
[Result "1/2-1/2"]
[WhiteElo "1950"]
[BlackElo "1882"]
[PlyCount "106"]
[EventDate "2020.??.??"]
[SourceVersionDate "2020.03.16"]
[WhiteTeam "SC Bonn Beuel 1"]
[BlackTeam "Siegener SV 1"]

1. e4 c5 2. Nc3 Nc6 3. g3 g6 4. Bg2 Bg7 5. d3 d6 6. Be3 Rb8 7. Qd2 b5 8. Nge2
Nd4 9. O-O h5 10. Nd1 e5 11. c3 Nxe2+ 12. Qxe2 Nh6 13. h3 O-O 14. Qd2 Kh7 15.
f4 Qe7 16. f5 gxf5 17. exf5 f6 18. Bd5 Bb7 19. Bxb7 Rxb7 20. Qe2 Qe8 21. Qf3
Rc7 22. Nf2 Ng8 23. Ne4 Rd7 24. g4 Bh6 25. Bxh6 Nxh6 26. Kf2 Qe7 27. Ng3 h4 28.
Nh5 d5 29. Rae1 Nf7 30. Kg2 Qd8 31. Qf2 Ng5 32. Qxh4 Kg8 33. Qf2 Rc7 34. h4 Nh7
35. Kh1 Kh8 36. Rg1 d4 37. Qf3 dxc3 38. bxc3 Rd7 39. Re3 c4 40. dxc4 bxc4 41.
Rge1 Qa8 42. Kg2 Kg8 43. R1e2 Kf7 44. Qxa8 Rxa8 45. Re4 Rc8 46. Rb2 Rcc7 47.
Rb4 Rd2+ 48. Kf3 Rd3+ 49. Re3 Rd2 50. Ra4 Rh2 51. Kg3 Rd2 52. Kf3 Rh2 53. Kg3
Rd2 1/2-1/2

[Event "SC Bonn Beuel 1 - Siegener SV 1"]
[Site "NRW-Klasse - Gruppe 4 2019/20"]
[Date "2020.02.02"]
[Round "6.7"]
[White "Besser, Axel"]
[Black "Woeltge, Carsten"]
[Result "1/2-1/2"]
[WhiteElo "1881"]
[BlackElo "1831"]
[PlyCount "38"]
[EventDate "2020.??.??"]
[SourceVersionDate "2020.03.16"]
[WhiteTeam "Siegener SV 1"]
[BlackTeam "SC Bonn Beuel 1"]

1. d4 Nf6 2. Nf3 g6 3. g3 Bg7 4. Bg2 O-O 5. O-O d6 6. c4 Nbd7 7. Nc3 c6 8. e4
e5 9. d5 Nc5 10. Bg5 a5 11. Re1 h6 12. Bxf6 Qxf6 13. Na4 Nxa4 14. Qxa4 c5 15.
a3 Qe7 16. b4 Bd7 17. Qb3 a4 18. Qb2 b6 19. bxc5 bxc5 1/2-1/2

[Event "SC Bonn Beuel 1 - Siegener SV 1"]
[Site "NRW-Klasse - Gruppe 4 2019/20"]
[Date "2020.02.02"]
[Round "6.8"]
[White "Oechtering, Marcus"]
[Black "Wallasch, Thomas"]
[Result "1/2-1/2"]
[WhiteElo "1881"]
[BlackElo "1805"]
[PlyCount "41"]
[EventDate "2020.??.??"]
[SourceVersionDate "2020.03.16"]
[WhiteTeam "SC Bonn Beuel 1"]
[BlackTeam "Siegener SV 1"]

1. d4 Nf6 2. c4 e6 3. Nf3 b6 4. Nc3 Bb7 5. Bg5 Bb4 6. e3 h6 7. Bh4 g5 8. Bg3
Ne4 9. Qc2 Bxc3+ 10. bxc3 d6 11. Nd2 f5 12. Nxe4 Bxe4 13. Qa4+ Qd7 14. Qxd7+
Nxd7 15. f3 Bb7 16. Bd3 O-O 17. Kd2 Rae8 18. Rae1 e5 19. e4 f4 20. Bf2 Re7 21.
h3 1/2-1/2

[Event "SG Ennepe-Ruhr-Süd 1 - SV Weidenau/Gei"]
[Site "NRW-Klasse - Gruppe 4 2019/20"]
[Date "2020.02.02"]
[Round "6.1"]
[White "Karthaeuser, Johannes"]
[Black "Arndt, Stefan"]
[Result "1-0"]
[WhiteElo "2158"]
[BlackElo "2129"]
[PlyCount "105"]
[EventDate "2020.??.??"]
[SourceVersionDate "2020.03.16"]
[WhiteTeam "SV Weidenau/Geisweid 1"]
[BlackTeam "SG Ennepe-Ruhr-Süd 1"]

1. e4 e5 2. Nf3 Nc6 3. d4 exd4 4. Nxd4 Nf6 5. Nxc6 bxc6 6. e5 Qe7 7. Qe2 Nd5 8.
c4 Qb4+ 9. Qd2 Qxd2+ 10. Bxd2 Nb4 11. Bxb4 Bxb4+ 12. Nd2 d6 13. exd6 Bxd6 14.
O-O-O Be6 15. g3 O-O-O 16. Bg2 Be5 17. f4 Bd4 18. Rhe1 c5 19. Nf3 Bxc4 20. Nxd4
Rxd4 21. Rxd4 cxd4 22. b3 Be6 23. Re5 g6 24. Kd2 h5 25. Kd3 h4 26. Kxd4 Rd8+
27. Kc3 h3 28. Bf3 Rd6 29. g4 c6 30. Re3 Rd8 31. Be2 Rh8 32. Rg3 Rh4 33. Kd4
Kd7 34. Ke5 Ke7 35. g5 Rh8 36. Bf1 Rh5 37. Bd3 Rh4 38. Be4 Bd7 39. Rd3 Rh5 40.
Rd6 Rh4 41. Bf3 Be8 42. Rd4 c5 43. Rc4 Bb5 44. Rxc5 a6 45. Rc7+ Kf8 46. a4 Bf1
47. b4 Kg7 48. Rc8 Bd3 49. Rb8 Bf5 50. b5 axb5 51. axb5 Bg4 52. Bd5 Be2 53. b6
1-0

[Event "SG Ennepe-Ruhr-Süd 1 - SV Weidenau/Gei"]
[Site "NRW-Klasse - Gruppe 4 2019/20"]
[Date "2020.02.02"]
[Round "6.2"]
[White "Tripolsky, Eugen"]
[Black "Send, Sebastian"]
[Result "0-1"]
[WhiteElo "2211"]
[BlackElo "2112"]
[PlyCount "38"]
[EventDate "2020.??.??"]
[SourceVersionDate "2020.03.16"]
[WhiteTeam "SG Ennepe-Ruhr-Süd 1"]
[BlackTeam "SV Weidenau/Geisweid 1"]

1. d4 Nf6 2. Nc3 d5 3. Bg5 c6 4. Qd3 Nbd7 5. Nf3 g6 6. e4 dxe4 7. Nxe4 Bg7 8.
O-O-O O-O 9. Nc3 Qa5 10. Kb1 b5 11. Bd2 b4 12. Ne4 Nb6 13. Nc5 Nbd5 14. Qb3 Ng4
15. Be1 e5 16. h3 exd4 17. Nd3 Be6 18. hxg4 Nc3+ 19. Bxc3 dxc3 0-1

[Event "SG Ennepe-Ruhr-Süd 1 - SV Weidenau/Gei"]
[Site "NRW-Klasse - Gruppe 4 2019/20"]
[Date "2020.02.02"]
[Round "6.3"]
[White "Scholl, Patrick"]
[Black "Heller, Achim"]
[Result "1-0"]
[WhiteElo "1965"]
[BlackElo "2001"]
[PlyCount "43"]
[EventDate "2020.??.??"]
[SourceVersionDate "2020.03.16"]
[WhiteTeam "SV Weidenau/Geisweid 1"]
[BlackTeam "SG Ennepe-Ruhr-Süd 1"]

1. c4 c6 2. g3 d5 3. Nf3 dxc4 4. Bg2 Nd7 5. O-O g6 6. Qc2 Nb6 7. a4 a5 8. Rd1
Bg7 9. d3 cxd3 10. Rxd3 Qc7 11. Bf4 e5 12. Nxe5 Bf5 13. Nxg6 Bxd3 14. exd3 Qd7
15. Nxh8 Bxh8 16. Nc3 Nf6 17. Re1+ Kf8 18. Ne4 Nbd5 19. Bh6+ Bg7 20. Nxf6 Nxf6
21. Qc5+ Kg8 22. Bxg7 1-0